[Event "Montcalm III 2002-03"]
[Site "Quebec CAN"]
[Date "2002.12.05"]
[Round "3"]
[White "Sauve, Richard"]
[Black "Michaud, Jacques"]
[Result "1/2-1/2"]
[WhiteElo "2001"]
[BlackElo "1510"]
[PlyCount "110"]
[EventDate "2002.11.21"]
[EventType "swiss"]
[EventRounds "5"]
[EventCountry "CAN"]

1. d4 Nf6 2. c4 g6 3. Nc3 d5 4. cxd5 Nxd5 5. e4 Nxc3 6. bxc3 Bg7 7. Bc4 c5 8.
Ne2 O-O 9. O-O Nc6 10. Be3 Bg4 11. f3 Na5 12. Bd3 Be6 13. d5 Bd7 14. Bxc5 Rc8
15. Bxa7 b5 16. Bd4 Nc4 17. Bxg7 Kxg7 18. Bxc4 Rxc4 19. Qd2 Qa5 20. Rfb1 Rfc8
21. Rb4 Qa7+ 22. Kf1 Qc7 23. Rxc4 Qxc4 24. Rb1 Ra8 25. Rb2 Ra3 26. Ke1 Qc7 27.
Qd4+ Kg8 28. e5 Ra4 29. Qe3 Qc4 30. Qd2 Qh4+ 31. Kf1 Qxh2 32. Qg5 Qh1+ 33. Ng1
Qh4 34. Qxh4 Rxh4 35. Ne2 Rc4 36. Rd2 Bf5 37. d6 exd6 38. exd6 Bd7 39. Ke1 Kf8
40. Kd1 Ke8 41. Rd4 Be6 42. a3 Rxd4+ 43. Nxd4 Bc4 44. Nc6 Kd7 45. Ne5+ Kxd6 46.
Nxc4+ bxc4 47. Ke2 f5 48. f4 Kc5 49. Ke3 h6 50. a4 g5 51. fxg5 hxg5 52. g3 Kb6
53. Kd4 Ka5 54. Kxc4 f4 55. gxf4 gxf4 1/2-1/2

[Event "Montcalm III 2002-03"]
[Site "Quebec CAN"]
[Date "2002.12.12"]
[Round "4"]
[White "Auger, Bertrand"]
[Black "Perreault, Jacquelin"]
[Result "1-0"]
[WhiteElo "2097"]
[BlackElo "1723"]
[PlyCount "61"]
[EventDate "2002.11.21"]
[EventType "swiss"]
[EventRounds "5"]
[EventCountry "CAN"]

1. Nf3 g6 2. g3 Bg7 3. c4 d6 4. Bg2 e5 5. Nc3 Nc6 6. O-O Be6 7. d3 Qd7 8. Ng5
Bg4 9. h3 Bf5 10. e4 Be6 11. Ne2 Nge7 12. Rb1 O-O 13. b4 h6 14. Nxe6 Qxe6 15.
b5 Nd8 16. Bb2 f5 17. exf5 gxf5 18. Re1 Kh8 19. Nf4 Qf7 20. Nh5 Ne6 21. Nxg7
Kxg7 22. f4 Ng6 23. Qh5 Kh7 24. fxe5 dxe5 25. Bxe5 Nc5 26. Qf3 Rae8 27. Bd4 b6
28. h4 Rxe1+ 29. Rxe1 Re8 30. Rxe8 Qxe8 31. Qxf5 1-0

[Event "Montcalm III 2002-03"]
[Site "Quebec CAN"]
[Date "2002.12.12"]
[Round "4"]
[White "Bernier-Heroux, Louis"]
[Black "Bourassa, Andre"]
[Result "0-1"]
[WhiteElo "1260"]
[BlackElo "1664"]
[PlyCount "109"]
[EventDate "2002.11.21"]
[EventType "swiss"]
[EventRounds "5"]
[EventCountry "CAN"]

1. c4 e6 2. d4 d5 3. Nc3 Nf6 4. Bg5 Be7 5. Nf3 O-O 6. Qc2 c6 7. Rd1 Nbd7 8. e4
dxe4 9. Nxe4 Qa5+ 10. Nc3 Bb4 11. Bd3 c5 12. Bxf6 Nxf6 13. dxc5 Bxc5 14. O-O g6
15. Rfe1 a6 16. h4 Qc7 17. Ne4 Be7 18. Nxf6+ Bxf6 19. h5 Kg7 20. Re4 e5 21. g4
h6 22. hxg6 fxg6 23. Rde1 b5 24. Nxe5 Bb7 25. Nxg6 Bxe4 26. Rxe4 Rae8 27. Nxf8
Rxe4 28. Bxe4 Kxf8 29. cxb5 Qxc2 30. Bxc2 axb5 31. b3 b4 32. Kg2 Be5 33. Kf3
Ke7 34. Ke4 Kf6 35. Kd5 Bf4 36. Kc4 Bd2 37. Kb5 Kg5 38. f3 Kf4 39. Be4 Ke3 40.
Ka4 Kd4 41. a3 bxa3 42. Kxa3 Kc5 43. Kb2 Kd4 44. Ka3 Kc5 45. Ka4 Be1 46. f4 Kd4
47. f5 Kxe4 48. f6 Bh4 49. f7 Be7 50. b4 Ke5 51. b5 Ke6 52. b6 Kxf7 53. Kb5 Ke6
54. Kc6 Bd6 55. b7 0-1

[Event "Montcalm III 2002-03"]
[Site "Quebec CAN"]
[Date "2002.12.12"]
[Round "4"]
[White "Boudreau, Daniel"]
[Black "Angers, Gilles"]
[Result "1-0"]
[WhiteElo "1953"]
[BlackElo "2025"]
[PlyCount "60"]
[EventDate "2002.11.21"]
[EventType "swiss"]
[EventRounds "5"]
[EventCountry "CAN"]

1. e4 e6 2. d4 d5 3. e5 c5 4. Nf3 Nc6 5. Bd3 cxd4 6. O-O f6 7. Bb5 Bd7 8. Bxc6
bxc6 9. Qxd4 c5 10. Qf4 f5 11. Nc3 Ne7 12. h4 d4 13. Ne2 Nd5 14. Qd2 Be7 15. c3
dxc3 16. Nxc3 Nxc3 17. Qxc3 Bb5 18. Re1 Qd3 19. Re3 Qd1+ 20. Kh2 Qf1 21. Re1
Qc4 22. Qxc4 Bxc4 23. g3 Bd5 24. Ng1 Rb8 25. Ne2 Kf7 26. Nc3 Bc6 27. b3 Rhd8
28. Be3 Rd3 29. Ne2 Bd5 30. Rac1 Be4 1-0

[Event "Montcalm III 2002-03"]
[Site "Quebec CAN"]
[Date "2002.12.12"]
[Round "4"]
[White "Fecteau, Martin"]
[Black "Saint Amand, Paul"]
[Result "0-1"]
[WhiteElo "1982"]
[BlackElo "2109"]
[PlyCount "56"]
[EventDate "2002.11.21"]
[EventType "swiss"]
[EventRounds "5"]
[EventCountry "CAN"]

1. d4 Nf6 2. Nf3 e6 3. c4 c5 4. d5 exd5 5. cxd5 d6 6. Nc3 g6 7. e4 Bg7 8. Be2
O-O 9. O-O Re8 10. Nd2 a6 11. a4 Nbd7 12. f4 Qc7 13. Qc2 Rb8 14. Ra3 c4 15.
Bxc4 b5 16. axb5 axb5 17. Nxb5 Rxb5 18. Bxb5 Qxc2 19. Rc3 Qxc3 20. bxc3 Nxe4
21. Nxe4 Rxe4 22. Ba3 Bxc3 23. Bxd6 Re1 24. Rxe1 Bxe1 25. Kf1 Ba5 26. Be7 f5
27. Ba4 Kf7 28. Ba3 Nb6 0-1

[Event "Montcalm III 2002-03"]
[Site "Quebec CAN"]
[Date "2002.12.12"]
[Round "4"]
[White "Lapierre, Gaetan"]
[Black "Michaud, Jacques"]
[Result "1/2-1/2"]
[WhiteElo "1758"]
[BlackElo "1510"]
[PlyCount "127"]
[EventDate "2002.11.21"]
[EventType "swiss"]
[EventRounds "5"]
[EventCountry "CAN"]

1. d4 Nf6 2. c4 g6 3. Nc3 d5 4. Bg5 Ne4 5. Nxe4 dxe4 6. Qd2 Bg7 7. O-O-O O-O 8.
Bh6 c5 9. Bxg7 Kxg7 10. dxc5 Qxd2+ 11. Rxd2 Na6 12. f3 exf3 13. gxf3 Nxc5 14.
Bh3 f5 15. b3 a5 16. e3 b6 17. Ne2 Bb7 18. Bg2 e5 19. Nc3 Rad8 20. Rhd1 Rxd2
21. Rxd2 e4 22. Nd5 exf3 23. Bxf3 Rd8 24. Bg2 Rd6 25. Re2 b5 26. e4 fxe4 27.
Bxe4 bxc4 28. bxc4 Nxe4 29. Rxe4 Rd7 30. Nb6 Bxe4 31. Nxd7 Kf7 32. Kd2 Ke7 33.
Nc5 Bc6 34. a4 Kd6 35. Nb3 Bxa4 36. Nxa5 Kc5 37. Kc3 Kb6 38. Kb4 Bd1 39. c5+
Kc7 40. Kc4 g5 41. Kd4 g4 42. Ke3 h5 43. Nc4 Kc6 44. Ne5+ Kxc5 45. Nd3+ Kd6 46.
Nf2 Bf3 47. Kf4 Bc6 48. Kg5 Bf3 49. Nd3 Be2 50. Nf4 Bf3 51. Nxh5 Ke7 52. Kg6
Kf8 53. Nf6 Be2 54. Kg5 Kg7 55. Nxg4 Bxg4 56. Kxg4 Kh6 57. h4 Kg6 58. h5+ Kg7
59. Kg5 Kh7 60. h6 Kg8 61. Kh5 Kh7 62. Kg5 Kg8 63. Kg6 Kh8 64. h7 1/2-1/2

[Event "Montcalm III 2002-03"]
[Site "Quebec CAN"]
[Date "2002.12.12"]
[Round "4"]
[White "Martineau, Michel"]
[Black "Audet-Bouchard, Nicolas"]
[Result "0-1"]
[WhiteElo "1861"]
[BlackElo "2002"]
[PlyCount "92"]
[EventDate "2002.11.21"]
[EventType "swiss"]
[EventRounds "5"]
[EventCountry "CAN"]

1. f4 g6 2. g3 Bg7 3. Bg2 d5 4. Nh3 Nf6 5. O-O O-O 6. Nf2 c5 7. d3 Nc6 8. e4 e5
9. Nc3 Be6 10. Ne2 Rc8 11. fxe5 Ng4 12. Nxg4 Bxg4 13. exd5 Nd4 14. Rf2 Bxe5 15.
c3 Nxe2+ 16. Rxe2 Re8 17. Be3 Bxc3 18. bxc3 Rxe3 19. Rxe3 Bxd1 20. Rxd1 Qa5 21.
Rde1 Kf8 22. c4 Qc7 23. Bh3 Rb8 24. Rf1 f5 25. g4 f4 26. g5 Kg8 27. Re6 Rf8 28.
Rfe1 f3 29. Rf6 f2+ 30. Rxf2 Rxf2 31. Be6+ Kf8 32. Kxf2 Qxh2+ 33. Ke3 Qe5+ 34.
Kd2 Qxg5+ 35. Kd1 Qf4 36. Ke2 Ke7 37. Rf1 Qe5+ 38. Kf2 h5 39. Bh3 Qf4+ 40. Kg1
Qe3+ 41. Kh2 g5 42. Be6 g4 43. d4 Qe2+ 44. Kg1 g3 45. Rf7+ Ke8 46. d6 Qh2+ 0-1

[Event "Montcalm III 2002-03"]
[Site "Quebec CAN"]
[Date "2002.12.19"]
[Round "5"]
[White "Bourassa, Andre"]
[Black "Martineau, Michel"]
[Result "1/2-1/2"]
[WhiteElo "1664"]
[BlackElo "1861"]
[PlyCount "87"]
[EventDate "2002.11.21"]
[EventType "swiss"]
[EventRounds "5"]
[EventCountry "CAN"]

1. d4 g6 2. c4 Bg7 3. Nc3 c5 4. e3 Nf6 5. Nf3 O-O 6. Bd3 cxd4 7. exd4 d5 8. c5
Nc6 9. a3 Bg4 10. Be2 b6 11. h3 Bf5 12. Qa4 Bd7 13. Bb5 Rc8 14. Be3 bxc5 15.
dxc5 e5 16. Bg5 e4 17. Nd2 Ne5 18. O-O Rxc5 19. Bxd7 Qxd7 20. Qxd7 Nexd7 21.
Be3 Rc7 22. Rfd1 Rb8 23. Bf4 Rxc3 24. Bxb8 Rc2 25. Bxa7 Nc5 26. Bxc5 Rxc5 27.
b4 Rc3 28. a4 d4 29. a5 e3 30. fxe3 dxe3 31. Nf3 Rc8 32. Ra3 Bh6 33. a6 Ne4 34.
a7 Ra8 35. b5 e2 36. Re1 Rxa7 37. Rxa7 Be3+ 38. Kh2 Bxa7 39. Rxe2 Nd6 40. Rb2
Bb8 41. Kh1 Ne4 42. b6 Kf8 43. b7 Ng3+ 44. Kh2 1/2-1/2

[Event "Montcalm III 2002-03"]
[Site "Quebec CAN"]
[Date "2002.12.19"]
[Round "5"]
[White "Girard, Robin"]
[Black "Auger, Bertrand"]
[Result "1-0"]
[WhiteElo "2266"]
[BlackElo "2097"]
[PlyCount "61"]
[EventDate "2002.11.21"]
[EventType "swiss"]
[EventRounds "5"]
[EventCountry "CAN"]

1. d4 e6 2. c4 Nf6 3. Nf3 Bb4+ 4. Bd2 Be7 5. g3 b6 6. Bg2 Bb7 7. O-O O-O 8. Nc3
d6 9. Qc2 Nbd7 10. e4 e5 11. d5 Nh5 12. Ne1 Bg5 13. f4 exf4 14. gxf4 Bf6 15.
Nf3 Re8 16. Rae1 Re7 17. Bh3 g6 18. Bg4 Bg7 19. Bxh5 gxh5 20. Nh4 Rxe4 21. Qxe4
Qxh4 22. f5 Qg4+ 23. Kh1 Nf6 24. Qd3 Rf8 25. Rg1 Qh4 26. Bg5 Qf2 27. Re2 Qc5
28. Be3 Qb4 29. Bd4 c5 30. Qg3 Ng4 31. Bxg7 1-0

[Event "Montcalm III 2002-03"]
[Site "Quebec CAN"]
[Date "2002.12.19"]
[Round "5"]
[White "Lachance, Norbert"]
[Black "Dion, Jean-Francois"]
[Result "0-1"]
[WhiteElo "1723"]
[BlackElo "1707"]
[PlyCount "80"]
[EventDate "2002.11.21"]
[EventType "swiss"]
[EventRounds "5"]
[EventCountry "CAN"]

1. d4 Nf6 2. c4 g6 3. g3 Bg7 4. Bg2 O-O 5. Nc3 d6 6. e4 e5 7. d5 Nbd7 8. Nge2
a5 9. O-O Nc5 10. Be3 Ng4 11. Qd2 Nxe3 12. Qxe3 f5 13. exf5 Bxf5 14. Ne4 Nxe4
15. Bxe4 Bd7 16. Nc3 Rb8 17. a4 c6 18. c5 dxc5 19. Qxc5 b6 20. Qe3 Bh3 21. Rfd1
c5 22. Bg2 Bxg2 23. Kxg2 Rb7 24. Rd2 Rd7 25. Rad1 Qa8 26. Qe4 Rf5 27. d6 Qd8
28. Nd5 Kh8 29. Ne7 Rf6 30. Qh4 Qa8+ 31. Kg1 Qf3 32. Qc4 Rd8 33. d7 Bh6 34.
Qg8+ Rxg8 35. Nxg8 Bxd2 36. Rxd2 Rf8 37. d8=Q Rxd8 38. Rxd8 Kg7 39. Ne7 Qb3 40.
Rd7 Qxa4 0-1

[Event "Montcalm IV 2001-02"]
[Site "Quebec CAN"]
[Date "2002.01.17"]
[Round "1"]
[White "Audet-Bouchard, Nicolas"]
[Black "Boudreau, Daniel"]
[Result "1/2-1/2"]
[WhiteElo "2035"]
[BlackElo "2075"]
[PlyCount "44"]
[EventDate "2002.01.17"]
[EventType "tourn"]
[EventRounds "5"]
[EventCountry "CAN"]

1. e4 d6 2. d4 Nf6 3. Nc3 g6 4. Be3 c6 5. f3 b5 6. Qd2 Nbd7 7. O-O-O b4 8. Nce2
Qa5 9. Kb1 Ba6 10. Nc1 Bxf1 11. Rxf1 Nb6 12. Qd3 Nfd7 13. Nb3 Qa4 14. Ne2 e5
15. f4 c5 16. dxc5 dxc5 17. Nd2 Qc6 18. Nc4 O-O-O 19. Qb3 Bg7 20. f5 Nf6 21. h3
h5 22. fxg6 fxg6 1/2-1/2

[Event "Montcalm IV 2001-02"]
[Site "Quebec CAN"]
[Date "2002.01.17"]
[Round "1"]
[White "Auger, Bertrand"]
[Black "Gaspariants, Vladimir"]
[Result "0-1"]
[WhiteElo "2022"]
[BlackElo "2229"]
[PlyCount "96"]
[EventDate "2002.01.17"]
[EventType "tourn"]
[EventRounds "5"]
[EventCountry "CAN"]

1. Nf3 Nf6 2. g3 g6 3. b4 Bg7 4. Bb2 O-O 5. Bg2 d6 6. O-O e5 7. d3 Nc6 8. b5
Ne7 9. Nbd2 Nh5 10. e4 c5 11. bxc6 bxc6 12. d4 Rb8 13. Nb3 Qc7 14. Qe2 exd4 15.
Bxd4 Re8 16. Qc4 c5 17. Rad1 Rb4 18. Qc3 Rxd4 19. Nbxd4 Qb6 20. Qb3 cxd4 21.
Qxb6 axb6 22. Nxd4 Ba6 23. Rfe1 Nc8 24. Bf1 Bxf1 25. Kxf1 Nf6 26. f3 Re5 27.
Nb3 Kf8 28. Rd4 Nd7 29. Ra4 Nc5 30. Ra8 Re8 31. Rd1 Ne6 32. Rb8 Rd8 33. Ke2 Ke8
34. f4 Bb2 35. Na5 bxa5 36. Rxb2 Nc5 37. Rd4 Ne7 38. Rb6 f5 39. e5 dxe5 40.
Rxd8+ Kxd8 41. fxe5 Ne4 42. c4 Kc7 43. Ra6 Nc6 44. Ke3 Kb7 45. Rxc6 Kxc6 46. g4
Nc3 47. gxf5 gxf5 48. a3 Nb1 0-1

[Event "Montcalm IV 2001-02"]
[Site "Quebec CAN"]
[Date "2002.01.17"]
[Round "1"]
[White "Beaudoin, Stephane"]
[Black "Gaspariants, Garry"]
[Result "1/2-1/2"]
[WhiteElo "2078"]
[BlackElo "2275"]
[PlyCount "106"]
[EventDate "2002.01.17"]
[EventType "tourn"]
[EventRounds "5"]
[EventCountry "CAN"]

1. e4 e5 2. f4 Bc5 3. Nc3 d6 4. Nf3 Nf6 5. Bc4 O-O 6. d3 Nc6 7. Na4 Bb6 8. Nxb6
axb6 9. O-O Na5 10. fxe5 dxe5 11. Qe1 Nxc4 12. dxc4 Bg4 13. c3 Qd6 14. b3 Nd7
15. Qg3 Bxf3 16. gxf3 Nc5 17. Be3 Rfd8 18. Kh1 Ne6 19. Rf2 Nf4 20. Rg1 Qf6 21.
Bxf4 exf4 22. Qg5 Qxg5 23. Rxg5 c6 24. h4 Rd3 25. Kh2 Rad8 26. h5 Kf8 27. Kh3
h6 28. Rgg2 Rxc3 29. Kg4 Rc1 30. Kxf4 Rh1 31. Kg4 Re8 32. Rh2 Rg1+ 33. Rfg2
Rxg2+ 34. Rxg2 Re5 35. Rh2 Ke7 36. Kf4 Rg5 37. Ke3 Ke6 38. Kf4 b5 39. cxb5 Rxb5
40. Ke3 Rg5 41. Kf4 Kd6 42. Rd2+ Kc7 43. Rh2 Kb6 44. Rh4 Kc5 45. Ke3 Rg2 46.
Rf4 f6 47. Rg4 Rxa2 48. Rxg7 b5 49. Rg6 Rb2 50. Rxh6 Rxb3+ 51. Kf4 Rb1 52. Rxf6
Rh1 53. Rf5+ Kd4 1/2-1/2

[Event "Montcalm IV 2001-02"]
[Site "Quebec CAN"]
[Date "2002.01.17"]
[Round "1"]
[White "Bourassa, Andre"]
[Black "Bender, Karl"]
[Result "0-1"]
[WhiteElo "1578"]
[BlackElo "1562"]
[PlyCount "72"]
[EventDate "2002.01.17"]
[EventType "tourn"]
[EventRounds "5"]
[EventCountry "CAN"]

1. d4 d5 2. c4 c6 3. Nf3 Nf6 4. e3 Bg4 5. Qb3 Qb6 6. Qxb6 axb6 7. Nbd2 g6 8.
Bd3 Bg7 9. O-O Nbd7 10. Ne1 dxc4 11. Bxc4 b5 12. Bb3 Be2 13. f3 Bxf1 14. Kxf1
Nb6 15. Nd3 Nbd7 16. Bc2 b6 17. b4 Nd5 18. Kf2 c5 19. bxc5 bxc5 20. Bb2 c4 21.
Nf4 Nxf4 22. exf4 Nc5 23. f5 Na4 24. Bxa4 Rxa4 25. fxg6 hxg6 26. h3 O-O 27. a3
Rfa8 28. Rc1 Bh6 29. Rc2 Bxd2 30. Rxd2 Rxa3 31. Bxa3 Rxa3 32. Kg3 b4 33. Kf4 b3
34. Re2 Kf8 35. Re1 b2 36. Ke4 Ra1 0-1

[Event "Montcalm IV 2001-02"]
[Site "Quebec CAN"]
[Date "2002.01.17"]
[Round "1"]
[White "Dion, Jean-Francois"]
[Black "Poinlane, Philippe"]
[Result "0-1"]
[WhiteElo "1713"]
[BlackElo "1783"]
[PlyCount "139"]
[EventDate "2002.01.17"]
[EventType "tourn"]
[EventRounds "5"]
[EventCountry "CAN"]

1. d4 f5 2. Nf3 Nf6 3. Bf4 g6 4. h3 Bg7 5. e3 O-O 6. Nbd2 d6 7. c3 Kh8 8. Be2
c6 9. O-O Na6 10. Qc2 Nc7 11. Bh2 Bd7 12. Bd3 Qe8 13. Nc4 Ncd5 14. a4 Rc8 15.
Qb3 b6 16. Bxd6 b5 17. axb5 cxb5 18. Bc5 bxc4 19. Bxc4 Nb6 20. Bxb6 axb6 21.
Ne5 h6 22. Bf7 Rxf7 23. Qxf7 Qxf7 24. Nxf7+ Kh7 25. Ra7 Bb5 26. Rfa1 Nd5 27.
Ra8 Rc6 28. R1a7 Re6 29. Rc8 f4 30. c4 fxe3 31. fxe3 Nxe3 32. cxb5 Bxd4 33. Kh1
Nf5 34. Rc1 Re2 35. Rac7 Kg7 36. R7c4 Kxf7 37. Rf1 Bf6 38. Rf3 Rxb2 39. g4 Nd6
40. Rc1 Rxb5 41. h4 Kg7 42. Kg2 Rb2+ 43. Kf1 Bxh4 44. Rc7 b5 45. Rd3 Kf8 46.
Rh3 Bg5 47. Rf3+ Kg7 48. Rd3 Kf6 49. Rc6 b4 50. Ke1 b3 51. Rb6 Rb1+ 52. Ke2 b2
53. Rdb3 Bh4 54. Rxb2 Rxb2+ 55. Rxb2 Kg5 56. Kf3 e5 57. Rb6 e4+ 58. Ke2 Bg3 59.
Rc6 Kxg4 60. Ke3 h5 61. Ra6 h4 62. Ra8 h3 63. Rg8 g5 64. Rh8 h2 65. Rh7 Bf4+
66. Kf2 Nf5 67. Kg2 e3 68. Rh8 e2 69. Re8 Ne3+ 70. Kf2 0-1

[Event "Montcalm IV 2001-02"]
[Site "Quebec CAN"]
[Date "2002.01.24"]
[Round "2"]
[White "Audet-Bouchard, Nicolas"]
[Black "Beaudoin, Stephane"]
[Result "0-1"]
[WhiteElo "2035"]
[BlackElo "2078"]
[PlyCount "34"]
[EventDate "2002.01.17"]
[EventType "tourn"]
[EventRounds "5"]
[EventCountry "CAN"]

1. e4 g6 2. d4 Bg7 3. Nc3 d6 4. Be3 Nd7 5. Qd2 c6 6. O-O-O b5 7. Kb1 Nb6 8. Bd3
Nc4 9. Bxc4 bxc4 10. d5 c5 11. f4 Rb8 12. e5 Qb6 13. b3 cxb3 14. cxb3 Bf5+ 15.
Kc1 Qa6 16. Nf3 Rxb3 17. Rde1 Qa3+ 0-1

[Event "Montcalm IV 2001-02"]
[Site "Quebec CAN"]
[Date "2002.01.24"]
[Round "2"]
[White "Boudreau, Daniel"]
[Black "Gaspariants, Vladimir"]
[Result "0-1"]
[WhiteElo "2075"]
[BlackElo "2265"]
[PlyCount "88"]
[EventDate "2002.01.17"]
[EventType "tourn"]
[EventRounds "5"]
[EventCountry "CAN"]

1. e4 e5 2. Nc3 Nf6 3. g3 Bb4 4. Nge2 c6 5. Bg2 O-O 6. d4 d6 7. O-O Nbd7 8. Kh1
Re8 9. h3 exd4 10. Qxd4 Qb6 11. Qd1 Nc5 12. Be3 Qc7 13. Qd4 Na6 14. Bg5 Nd7 15.
a3 Bc5 16. Qd2 Ne5 17. Na4 Nc4 18. Qd3 b5 19. b4 Ne5 20. Qc3 bxa4 21. bxc5 Nxc5
22. Rfd1 Ba6 23. Nd4 f6 24. Bf4 Rad8 25. Nf5 Ne6 26. Be3 c5 27. f4 Nc6 28. Bf2
Kh8 29. Ne3 Ncd4 30. Nd5 Qf7 31. Bxd4 Nxd4 32. Qa5 Be2 33. Rd2 Bf3 34. Re1 Qh5
35. h4 Qg4 36. Kh2 Bxg2 37. Kxg2 Nf3 38. Re3 Nxd2 39. Qxd2 f5 40. Qa5 Qd1 41.
Qxa4 Rxe4 42. Qc6 Qxc2+ 43. Kh3 Rxe3 44. Nxe3 Qe4 0-1

[Event "Montcalm IV 2001-02"]
[Site "Quebec CAN"]
[Date "2002.01.24"]
[Round "2"]
[White "Bourassa, Andre"]
[Black "Bisson, Real"]
[Result "1-0"]
[WhiteElo "1578"]
[BlackElo "1660"]
[PlyCount "51"]
[EventDate "2002.01.17"]
[EventType "tourn"]
[EventRounds "5"]
[EventCountry "CAN"]

1. d4 Nf6 2. c4 c5 3. Nf3 g6 4. Nc3 Bg7 5. Bf4 Qa5 6. Qc2 O-O 7. e3 d6 8. Bd3
Nc6 9. O-O Nb4 10. Qb1 Nxd3 11. Qxd3 cxd4 12. exd4 Bf5 13. Qd2 Rfe8 14. Rfe1
Nd7 15. Nd5 Qxd2 16. Nxd2 Rac8 17. Nxe7+ Rxe7 18. Rxe7 Bxd4 19. Rae1 Be6 20.
R1xe6 fxe6 21. Rxd7 e5 22. Rxd6 Bxb2 23. Bh6 e4 24. Nxe4 Rxc4 25. Rd8+ Kf7 26.
Nd6+ 1-0

[Event "Montcalm IV 2001-02"]
[Site "Quebec CAN"]
[Date "2002.01.31"]
[Round "3"]
[White "Auger, Bertrand"]
[Black "Audet-Bouchard, Nicolas"]
[Result "1-0"]
[WhiteElo "2030"]
[BlackElo "2009"]
[PlyCount "61"]
[EventDate "2002.01.17"]
[EventType "tourn"]
[EventRounds "5"]
[EventCountry "CAN"]

1. Nf3 d5 2. g3 Nc6 3. d4 Bg4 4. Bg2 e6 5. O-O Be7 6. b3 h5 7. h3 Bf5 8. Bb2 g5
9. Ne5 Nh6 10. Nxc6 bxc6 11. Nd2 g4 12. h4 Rg8 13. e4 Bh7 14. c4 Bxh4 15. exd5
cxd5 16. cxd5 exd5 17. gxh4 Qxh4 18. Qe2+ Kd8 19. Rfe1 Nf5 20. Bxd5 g3 21. f4
g2 22. Bxg2 Qxf4 23. Qf3 Qxd2 24. Qxa8+ Kd7 25. Qc6+ Kd8 26. Rac1 Qf4 27. Re5
Rxg2+ 28. Qxg2 Nxd4 29. Qa8+ Kd7 30. Qe8+ Kd6 31. Qe7# 1-0

[Event "Montcalm IV 2001-02"]
[Site "Quebec CAN"]
[Date "2002.01.31"]
[Round "3"]
[White "Beaudoin, Stephane"]
[Black "Boudreau, Daniel"]
[Result "1-0"]
[WhiteElo "2024"]
[BlackElo "2039"]
[PlyCount "30"]
[EventDate "2002.01.17"]
[EventType "tourn"]
[EventRounds "5"]
[EventCountry "CAN"]

1. e4 d6 2. d4 Nf6 3. Nc3 g6 4. Bc4 Bg7 5. Qe2 Nc6 6. e5 Nh5 7. Bb5 Bd7 8. Bxc6
Bxc6 9. d5 Bd7 10. g4 Bxg4 11. Qxg4 dxe5 12. Be3 O-O 13. O-O-O a6 14. Nge2 f5
15. Qb4 b6 1-0

[Event "Montcalm IV 2001-02"]
[Site "Quebec CAN"]
[Date "2002.02.07"]
[Round "3"]
[White "Caron, Gabriel"]
[Black "Bourassa, Andre"]
[Result "0-1"]
[WhiteElo "1562"]
[BlackElo "1578"]
[PlyCount "54"]
[EventDate "2002.01.17"]
[EventType "tourn"]
[EventRounds "5"]
[EventCountry "CAN"]

1. d4 d5 2. e3 Bf5 3. c4 e6 4. Qb3 b6 5. Nc3 Nf6 6. cxd5 exd5 7. Nf3 c6 8. Be2
Bd6 9. O-O O-O 10. Bd2 Re8 11. Rac1 Nbd7 12. a3 Rc8 13. Na2 Ne4 14. Nb4 Nxd2
15. Nxd2 Re6 16. Nf3 Bxb4 17. Qxb4 Rh6 18. Qb3 Nf6 19. Qa4 Ng4 20. h3 Be4 21.
Nh2 Nxh2 22. Kxh2 Qh4 23. f3 Rg6 24. g4 Rh6 25. Kg2 Qxh3+ 26. Kf2 Qh4+ 27. Kg1
Qh2# 0-1

[Event "Montcalm IV 2001-02"]
[Site "Quebec CAN"]
[Date "2002.02.20"]
[Round "3"]
[White "Gaspariants, Vladimir"]
[Black "Gaspariants, Garry"]
[Result "1-0"]
[WhiteElo "2299"]
[BlackElo "2305"]
[PlyCount "59"]
[EventDate "2002.01.17"]
[EventType "tourn"]
[EventRounds "5"]
[EventCountry "CAN"]

1. e4 e5 2. Nf3 Nc6 3. Bb5 a6 4. Ba4 Nf6 5. O-O Be7 6. Re1 b5 7. Bb3 d6 8. c3
O-O 9. h3 Na5 10. Bc2 c5 11. d4 Qc7 12. Nbd2 Bb7 13. Nf1 Rae8 14. d5 Rd8 15. g4
Bc8 16. Ng3 c4 17. Kh1 Nb7 18. Rg1 g6 19. Bh6 Rfe8 20. Qd2 Nc5 21. Rg2 a5 22.
Rag1 b4 23. Qe3 b3 24. axb3 cxb3 25. Bb1 a4 26. Nf5 Bf8 27. Bxf8 Rxf8 28. Qh6
Bxf5 29. gxf5 Ncxe4 30. fxg6 1-0

[Event "Montcalm IV 2001-02"]
[Site "Quebec CAN"]
[Date "2002.02.07"]
[Round "4"]
[White "Beaudoin, Stephane"]
[Black "Auger, Bertrand"]
[Result "0-1"]
[WhiteElo "2024"]
[BlackElo "2030"]
[PlyCount "108"]
[EventDate "2002.01.17"]
[EventType "tourn"]
[EventRounds "5"]
[EventCountry "CAN"]

1. e4 e6 2. d4 d5 3. Nc3 dxe4 4. Nxe4 Bd7 5. Bd3 Bc6 6. Nf3 Nd7 7. O-O Ngf6 8.
Neg5 Bd6 9. Re1 h6 10. Nh3 Bxf3 11. Qxf3 c6 12. Qe2 Qc7 13. g3 O-O 14. f4 Rfe8
15. c3 Rad8 16. b4 Qb6 17. Kh1 Qc7 18. Ng1 b5 19. Nf3 Nd5 20. Bd2 Nf8 21. a4 a6
22. Ra2 Nb6 23. a5 Nd5 24. Rb2 Ne7 25. c4 Neg6 26. cxb5 cxb5 27. Rc1 Qd7 28.
Rbc2 Rc8 29. Ne5 Bxe5 30. dxe5 Rxc2 31. Rxc2 Rd8 32. Be4 Ne7 33. Be3 Nd5 34.
Bc5 Ng6 35. Bd6 Nge7 36. Rc5 Nc8 37. Bxd5 exd5 38. Bc7 Re8 39. Qf3 d4 40. Qd5
Re7 41. Bd6 Nxd6 42. Qxd6 Qh3 43. Kg1 Rd7 44. Qxa6 Rd8 45. Qxb5 Qf5 46. Rd5
Qb1+ 47. Kf2 Qa2+ 48. Ke1 Rxd5 49. Qe8+ Kh7 50. e6 d3 51. exf7 d2+ 52. Kf1
d1=Q+ 53. Qe1 Qxe1+ 54. Kxe1 Qc2 0-1

[Event "Montcalm IV 2001-02"]
[Site "Quebec CAN"]
[Date "2002.02.07"]
[Round "4"]
[White "Bourassa, Andre"]
[Black "Sylvain, Gabriel"]
[Result "1-0"]
[WhiteElo "1578"]
[BlackElo "1634"]
[PlyCount "74"]
[EventDate "2002.01.17"]
[EventType "tourn"]
[EventRounds "5"]
[EventCountry "CAN"]

1. d4 d6 2. c4 Nf6 3. Nc3 g6 4. e4 Bg7 5. f3 Nbd7 6. Be3 O-O 7. Qd2 c5 8. O-O-O
b6 9. Nge2 Bb7 10. g4 a6 11. h4 h5 12. Rg1 cxd4 13. Nxd4 Ne5 14. Be2 Qc7 15.
gxh5 Nxh5 16. f4 Nxc4 17. Qd3 Nxe3 18. Qxe3 Nf6 19. Bf3 e6 20. h5 e5 21. Nde2
Rfe8 22. hxg6 exf4 23. gxf7+ Qxf7 24. Qxf4 Rac8 25. Rxg7+ Kxg7 26. Rg1+ Kf8 27.
Qh6+ Ke7 28. Rg7 Bxe4 29. Bxe4 Nxe4 30. Qg6 Qxg7 31. Qxg7+ Kd8 32. Qd4 Rc6 33.
Kd1 Nxc3+ 34. Nxc3 Kd7 35. Nd5 Re5 36. Nxb6+ Ke6 37. Qg4+ Ke7 1-0

[Event "Montcalm IV 2001-02"]
[Site "Quebec CAN"]
[Date "2002.02.14"]
[Round "5"]
[White "Auger, Bertrand"]
[Black "Boudreau, Daniel"]
[Result "0-1"]
[WhiteElo "2030"]
[BlackElo "2039"]
[PlyCount "54"]
[EventDate "2002.01.17"]
[EventType "tourn"]
[EventRounds "5"]
[EventCountry "CAN"]

1. Nf3 d6 2. g3 e5 3. d3 f5 4. Bg2 Nf6 5. O-O Be7 6. c4 O-O 7. b4 a5 8. b5 Qe8
9. Nc3 c6 10. bxc6 bxc6 11. Rb1 Na6 12. Na4 Qh5 13. Bd2 Nc7 14. Nb6 Ra6 15.
Nxc8 Rxc8 16. Rb7 Bd8 17. Qc2 Ne6 18. Qb2 Raa8 19. Be3 e4 20. dxe4 fxe4 21. Nh4
Ng4 22. h3 Ne5 23. c5 Bf6 24. Qb3 d5 25. Bxe4 a4 26. Qd1 dxe4 27. Qd6 Re8 0-1

[Event "Montcalm IV 2001-02"]
[Site "Quebec CAN"]
[Date "2002.02.14"]
[Round "5"]
[White "Dorion, Francois"]
[Black "Bourassa, Andre"]
[Result "1/2-1/2"]
[WhiteElo "1652"]
[BlackElo "1578"]
[PlyCount "29"]
[EventDate "2002.01.17"]
[EventType "tourn"]
[EventRounds "5"]
[EventCountry "CAN"]

1. c4 Nf6 2. Nc3 d5 3. cxd5 Nxd5 4. Nf3 c6 5. g3 Bf5 6. d3 Nd7 7. Bg2 e5 8. O-O
Be7 9. Qb3 Nc5 10. Qd1 Nxc3 11. bxc3 e4 12. Nd4 Bg6 13. dxe4 Nxe4 14. Bb2 O-O
15. e3 1/2-1/2